|
|
|
|
| LEADER |
00940nam a22002652a 4500 |
| 001 |
001066327 |
| 003 |
CZ BrMZK |
| 005 |
20100520131910.0 |
| 007 |
ta |
| 008 |
091124s1956 xr er|||||||||||cze d |
| 015 |
|
|
|a cnb000722495
|
| 035 |
|
|
|a (OCoLC)85453065
|
| 040 |
|
|
|a BOA001
|b cze
|
| 100 |
1 |
|
|a Zápotocký, Antonín,
|d 1884-1957
|7 jk01152141
|4 aut
|
| 245 |
1 |
0 |
|a Vstanou noví bojovníci :
|b šestiobrazová předehra k velkým bojům o budoucnost /
|c Antonín Zápotocký
|
| 250 |
|
|
|a 2., uprav. vyd., (v Orbisu 1.)
|
| 260 |
|
|
|a Praha :
|b Orbis,
|c 1956
|
| 300 |
|
|
|a 110 s.
|
| 490 |
1 |
|
|a Hry lidového jeviště ;
|v sv. 24
|
| 830 |
|
0 |
|a Hry lidového jeviště
|0 s
|
| 910 |
|
|
|a BOA001
|b 1-0360.009
|
| 990 |
|
|
|a BK
|
| 991 |
|
|
|b 200911
|
| 996 |
7 |
|
|b 2619414272
|c 1-0360.009
|l MZK
|r Sklad / do 1 hodiny
|n 0
|w 001097397
|u 000020
|a 1
|e BOA001
|j MZK50
|s A
|
| 996 |
6 |
|
|b 2619414273
|c 1-0360.009
|l MZK
|r Sklad / do 1 hodiny
|n 0
|w 001097397
|u 000010
|a 1
|e BOA001
|j MZK50
|s P
|